Statistiques concernant Paroles de Friends thème

Cliquez ici pour prendre le quiz!

Statistiques générales

  • Ce quiz a été pris 222 fois
  • Le résultat moyen est 52 sur 76

Statistiques - réponses

Paroles % Correct
you
99%
you
99%
you
99%
you
99%
for
92%
be
92%
be
92%
for
92%
the
92%
for
92%
be
92%
for
92%
be
92%
there
89%
there
89%
there
89%
there
89%
there
89%
I'll
87%
I'll
87%
I'll
87%
a
87%
to
84%
your
73%
your
73%
your
73%
Your
73%
your
73%
this
73%
your
73%
me
71%
way
69%
gonna
69%
too
67%
When
67%
When
67%
no
67%
So
66%
like
65%
told
65%
Like
65%
it
64%
was
62%
life
61%
one
60%
day
59%
second
57%
you're
57%
you're
57%
you're
57%
year
56%
rain
56%
'Cos
56%
month
55%
been
55%
been
55%
in
54%
always
53%
even
53%
week
52%
starts
52%
or
52%
love
51%
It's
51%
But
49%
DOA
48%
joke
48%
broke
47%
gear
47%
before
45%
job's
45%
hasn't
45%
stuck
44%
I've
40%
pour
39%
life's
38%

Distribution des résultats

Percentile by Number Answered

% des personnes avec chaque résultat

Votre développement - résultats

Vous n’avez pas pris ce quiz